Consejos a los viajeros para traer alimentos, plantas, y productos animales a los Estados Unidos.

Bibliographic Details
Uniform Title:Travelers' tips on bringing food, plant, and animal products into the United States.
Corporate Author: United States. Animal and Plant Health Inspection Service
Format: Government Document Book
Language:Spanish
Published: [Washington, D.C.?] : Departamento de Agricultura de los Estados Unidos, Servicio de Inspección de Sanidad Agropecuaria, [1998]
Series:Program aid (United States. Department of Agriculture) ; no. 1083 S.
Subjects:

MARC

Tag First Indicator Second Indicator Subfields
LEADER 00000cam a2200000 a 4500
001 in00000001689
005 20151007050632.0
008 981117s1998 dcua f000 0 spa d
035 |a (OCoLC)40332918 
035 |9 AJC4189AM 
040 |a GPO  |c GPO  |d DLC  |d MvI  |d UtOrBLW 
043 |a n-us--- 
049 |a UDOC 
074 |a 0014-A 
086 0 |a A 1.68:1083-S/998 
130 0 |a Travelers' tips on bringing food, plant, and animal products into the United States.  |l Spanish. 
245 1 0 |a Consejos a los viajeros para traer alimentos, plantas, y productos animales a los Estados Unidos. 
264 1 |a [Washington, D.C.?] :  |b Departamento de Agricultura de los Estados Unidos, Servicio de Inspección de Sanidad Agropecuaria,  |c [1998] 
300 |a 11 pages, 1 unnumbered page :  |b illustrations ;  |c 23 x 10 cm. 
336 |a text  |b txt  |2 rdacontent 
337 |a unmediated  |b n  |2 rdamedia 
338 |a volume  |b nc  |2 rdacarrier 
490 1 |a Folleto ;  |v no. 1083S 
500 |a Spanish version of: Travelers' tips on bringing food, plant, and animal products into the United States. 
500 |a Shipping list number: 99-0024-P. 
500 |a "Revisado en septiembre de 1998"--P. [12]. 
650 0 |a Customs administration and tourism  |z United States. 
650 0 |a International travel regulations  |z United States. 
650 0 |a Quarantine  |z United States. 
710 1 |a United States.  |b Animal and Plant Health Inspection Service. 
830 0 |a Program aid (United States. Department of Agriculture) ;  |v no. 1083 S. 
999 |a MARS 
999 f f |s af9700c3-cd89-3b9f-81d1-642299219bda  |i b1cdb7a5-63e1-37d0-8d54-e164ce66cd6c  |t 0 
952 f f |p normal  |a Texas A&M University  |b College Station  |c Sterling C. Evans Library  |d Evans: US Documents (Annex 5th floor)  |t 0  |e A 1.68:1077-  |h Superintendent of Documents classification  |i unmediated -- volume  |m A14829728818 
998 f f |a A 1.68:1077-  |s 1077-1078,1080-1089  |t 0  |l Evans: US Documents (Annex 5th floor)